Tintin : personnages qui finissent par la lettre A - Statistiques

Statistiques générales
  • Ce quiz a été pris 40 fois
  • Le résultat moyen est 4 sur 9
Statistiques - réponses
Hint Réponse % Correct
Prénom du rossignol milanais Bianca
100%
Prénom de la camériste de celle-ci Irma
93%
Ennemi juré d'Alcazar Tapioca
78%
Prénom de la petite fille qui trouve des ciseaux dorés Miarka
52%
Nom complet du plus célèbre portugais de Tintin Oliveira Da Figueira
41%
Sorcier de la tribu des Babaoro'm Muganga
15%
Cheik fan de Tintin Patrash Pasha
7%
Chef de la tribu des Arumbayas Kaloma
4%
Bandit qui vole les bottes de Tintin dans Tintin en Amérique Ramona
0%
Aucun quiz correspondant
Distribution des résultats
% des personnes avec chaque résultat
Percentile par nombre de réponses
Votre historique - résultats
Vous n’avez pas pris ce quiz